000 00946nam a2200277Ia 4500
001 Para_9962
003 CHAP
008 220125sNovi xx 000 0 und d
010 _a208667
040 _cCHAP
090 _aPA CD - TESIS 47
100 _aFernández Velázquez, Esteban
_940316
245 _aVirus asociados a Rosa sp. en Temixco Morelos, México /
_c Esteban Fernández Velázquez; Director Dimas Mejía Sánchez.
260 _aChapingo, Méx. :
_b el autor
300 _a1 CDS ROM (47 p.)
502 _aTesis (Ing. Agr. Esp. en Parasitología Agrícola). UACh. Departamento Parasitología Agrícola
700 _aMejía Sánchez, Dimas. Director
_9175059
710 _aUACh. Departamento Parasitología Agrícola
_9164025
901 _aPA CD - TESIS 47
902 _aM
905 _a513220Noviembre, 2010 an 8100000000 06
910 _aNovi
942 _cPARA
942 _cPARA
_d2
999 _c208667
_d208667